000 00844pam a2200301 i 4500
001 848630
003 NUST
005 20211216112259.0
008 781121s1979 paua 001 0 eng
010 _a 78026495
020 _a9780830610433
_c$9.95.
_a083061043X
_c$5.95
038 _aKhadija
040 _aDLC
_cDLC
_dDLC
050 0 0 _aTS243
_b.A47
082 0 0 _a671.25
_bAMM
100 1 _aAmmen, C. W.
_986740
245 1 4 _aThe Complete Handbook of Sand Casting /
_cC. W. Ammen.
250 _a1st ed.
260 _aBlue Ridge Summit, Pa. :
_bTab Books,
_cc1979.
300 _a238 p. :
_bill. ;
_c22 cm.
500 _aIncludes index.
563 _aPB
650 0 _aMolding (Founding)
_934745
650 0 _aSand casting.
_986741
740 _aSand casting.
906 _a7
_bcbc
_corignew
_d1
_eocip
_f19
_gy-gencatlg
942 _2ddc
_cBK
999 _c540623
_d540623